| 000 | 00439 a2200157 4500 | ||
|---|---|---|---|
| 003 | OSt | ||
| 005 | 20231123110531.0 | ||
| 008 | 231123b |||||||| |||| 00| 0 eng d | ||
| 020 | _a9789356811591 | ||
| 040 | _coclc | ||
| 082 |
_a540 _bPUR/C |
||
| 100 |
_aPuri, Gautam _98381 |
||
| 245 |
_aCAT: Quatitative aptitude / _cGautam Puri |
||
| 260 |
_bG K Publications, _c2023. |
||
| 942 |
_2ddc _cBK _h540 _iPUR/C _k540 _mPUR/C |
||
| 999 |
_c41862 _d41862 |
||